Tilastot visalle Saksan naapurimaiden liput

Klikkaa tästä pelataksesi tätä visaa!

Yleistilastot

  • Tätä visaa on pelattu 1 503 kertaa
  • Keskiarvotulos 9 / 9

Vastaustilastot

Vastaus% Oikein
Ranska
99%
Belgia
96%
Puola
96%
Sveitsi
96%
Tanska
96%
Tšekki
95%
Alankomaat
94%
Luxemburg
92%
Itävalta
91%

Tulosjakauma

Persentiili vastausten määrän mukaan

Jokaisen tuloksen saaneiden osuus

Tuloshistoriasi

Et ole pelannut tätä visaa